| 000 | 02517nam a22002537a 4500 | ||
|---|---|---|---|
| 005 | 20240305165614.0 | ||
| 007 | cr|||| |||| | ||
| 008 | 210831s2006 ca |||||s|||| 00||0 eng d | ||
| 020 | _a9781459313545 | ||
| 035 | _a35282 | ||
| 040 | _avLex | ||
| 090 |
_c12171 _d12171 |
||
| 100 | 1 | _aLe May, Denis | |
| 245 | 1 | 3 |
_aThe Civil Code of Quebec in Chart Form _h[Recurso electrónico] / _cDenis Le May |
| 256 | _aServicio en línea | ||
| 260 |
_aToronto: _bIrwin Law Inc., _c2006 |
||
| 300 | _a1 recurso electrónico | ||
| 500 | _aIf you feel overwhelmed and intimidated each time you are asked to research a legal question involving the civil law of Québec, help is on the way. The Civil Code of Québec in Chart Form, by Denis Le May, provides a graphic, simple access tool for the Code. A series of tables and charts shows the general structure of the Code and the interrelationship between its component parts. Le May provides a broad overview of the subject categories covered by the Code and an explanation of the numbering system he adopted to represent the subdivisions in a uniform fashion. Each separate Book of the Civil Code has its own chapter. Each chapter contains the following: a chart giving an overall pictorial representation of the contents of that Book; a table of contents; a summary (including the text of important articles, definitions and explanatory notes); individual charts for subdivisions; and an index. The organizational structure of the book provides general finding tools and easy access to researchers in a variety of different situations: if she doesnt know where a concept is located (use the general index); if he knows the article number but wants to see the corresponding segment (use the articles/charts concordance table); if she knows in which Book the concept is located, but not the specific article (use the table of contents for that particular Book); or if he wants to quickly ascertain whether or not there is a chart which corresponds to the concept being researched (use the list of charts or the alphabetical index). | ||
| 506 | 1 |
_aDisponible solo en los productos indicados _dvLex Global _dvLex Global (Academic Edition, excluding Law Schools) _dvLex Global (U.S. Academic Edition, Law Schools) _dvLex Global (U.S. Academic Edition, excluding Law Schools) _dvLex Global (Academic Edition, Law Schools) |
|
| 650 | 0 | 4 |
_aDerecho Civil _zCanadá |
| 740 | 0 | _avLex Libros (Servicio en línea) | |
| 856 | 4 | 0 | _uhttps://app.vlex.com/#/sources/35282 |
| 942 | _cRAA | ||
| 999 |
_c170407 _d170407 |
||